| 000 | 00648cam a2200229 a 4500 | ||
|---|---|---|---|
| 999 |
_c4916 _d4916 |
||
| 001 | 12027 | ||
| 003 | BD-DhUAP | ||
| 005 | 20210124144033.0 | ||
| 008 | 201124s2006 ii af b 000 0 eng | ||
| 020 | _a8180616606 | ||
| 040 |
_aDLC _cDLC _dBD-DhUAP _beng |
||
| 082 | 0 | 0 |
_a610.3 TAB _223 |
| 110 | _aF.A. Davis Company. | ||
| 245 | 1 | 0 |
_aTaber's cyclopedic medical dictionary / _cedited by Donald Venes ... [et al.]. |
| 250 | _a20th ed. | ||
| 260 |
_aNew Delhi : _bJaypee Brothers, _cc2006. |
||
| 300 |
_avolumes : _billustrations ; _c21 cm. |
||
| 505 | _aV. 2-- | ||
| 650 |
_aMedicine _vDictionary. |
||
| 700 | _aVenes, Donald. | ||
| 942 |
_2ddc _cREF |
||